Diccionario latino-español
Збережено в:
| Автор: | |
|---|---|
| Формат: | Книга |
| Мова: | Іспанська |
| Опубліковано: |
Barcelona
Sopena
1961
|
| Редагування: | 4a. ed |
| Предмети: | |
| Теги: |
Додати тег
Немає тегів, Будьте першим, хто поставить тег для цього запису!
|
MARC
| LEADER | 00000nam a2200000 a 4500 | ||
|---|---|---|---|
| 001 | UCV8521 | ||
| 003 | CL-VaPUC | ||
| 008 | 910913e19610000SP |||||||||||||||||spa|d | ||
| 082 | 0 | 4 | |a 473.61 |b BLA |2 21 |
| 100 | |a Blánquez Fraile, Agustín |e autor |9 318621 | ||
| 245 | 1 | 0 | |a Diccionario latino-español |
| 250 | |a 4a. ed | ||
| 300 | |a 2 v | ||
| 942 | |c BK | ||
| 945 | |d 19910913 00:00:00 | ||
| 260 | |a Barcelona |b Sopena |c 1961 | ||
| 650 | 7 | |a DICCIONARIOS LATIN-ESPAÑOL |2 CL-VaPUC |9 266780 | |
| 583 | |a last modification |c 19910913 00:00:00 |k Rodrigo Vera | ||
| 999 | |c 214025 |d 214023 | ||
| 952 | |0 0 |1 1 |4 0 |6 473_610000000000000_BLA_1961 |7 0 |8 F |9 197016 |a BIBARQ |b BIBARQ |d 2019-11-14 |h v.1 |i 2647680 |o 473.61 BLA 1961 |p 2647680 |r 2019-11-14 |w 2019-11-14 |x Retirado en Inventario 2023 |y BK_F |k ARQ | ||
| 952 | |0 0 |1 0 |4 0 |6 473_610000000000000_BLA_1961 |7 0 |8 F |9 197017 |a BIBARQ |b BIBARQ |d 2019-11-14 |h v.2 |i 2647699 |o 473.61 BLA 1961 |p 2647699 |r 2019-11-14 |w 2019-11-14 |y BK_F |k ARQ | ||